000 00894nam#a22003255a#4500
001 581
008 070802s1962####ag#####g######|01#0dspa||
245 1 0 _aAntología y Comentarios de Textos /
_cLacau María Hortencia, María de Luján Puglia.
250 _a1ª ed.
260 _aBuenos Aires :
_bKapelusz,
_c1962.
300 _a113 p. ;
_c20 cm.
100 1 _aMaría Hortencia, Lacau.
700 1 _aPuglia, María de Luján.
080 _a82-82
084 _aL14
653 _aCuentos
653 _aNarraciones humorísticas
653 _aPosías infantiles
653 _aRetratos físicos y mentales
653 _aEvocaciones
653 _aDescripciones de objetos
653 _aRelatos de hechos
653 _aCríticas de costumbres
653 _aEstados de ánimo
653 _aMemorias
653 _aCartas
005 20241107184640.0
003 AR-ClEAG
942 _cBK
999 _c581
_d581
980 _62
_aEvangelina Gallicchio
_82
_gEvangelina Gallicchio